00237nam a2200085 4500100001600000245005100016260002600067300000700093650005100100 aN.D.Kuruppu aChemistry of Black Tea and its Health Benefits aColombobICHEMCc2016 a28 aChemistry of Black Tea and its Health Benefits